Suiza y sus industrias /

Guardado en:
Formato: Libro
Publicado: Lausana : Oficina suiza de expansión comercial, 1974
Materias:
Etiquetas: Agregar Etiqueta
Sin Etiquetas, Sea el primero en etiquetar este registro!
LEADER 00444nam a22001575a 4500
001 CEM.cems000214
005 20060209000000.0
008 130507s1974##################000#0#####d
003 CEMS
082 0 4 |a 949.4 
245 0 0 |a Suiza y sus industrias / 
260 |a Lausana :  |b Oficina suiza de expansión comercial,  |c 1974 
300 |a 200 p. 
653 |a Historia 
653 |a Historia de suiza 
859 |a CEMS  |b BIB. CEMS - 11 de abril  |h 949.4  |i Su39  |p 10306.81  |t Ej.1